Cities on US Route 101 - Statistics

General Stats
  • This quiz has been taken 7 times
    6 since last reset
  • The average score is 19 of 97
Answers on the Map
Answers color-coded by a green-red scale on the quiz's map according to % correct below.
 
Answer Stats
% Correct
Los Angeles
100%
San Francisco
80%
San Jose
80%
San Mateo
80%
Aberdeen
60%
Astoria
60%
Forks
60%
Oxnard
60%
Palo Alto
60%
Port Angeles
60%
Santa Barbara
60%
Santa Clara
60%
Santa Rosa
60%
Bandon
40%
Coos Bay
40%
Lincoln City
40%
Olympia
40%
Salinas
40%
San Luis Obispo
40%
Santa Maria
40%
South San Francisco
40%
Sunnyvale
40%
Tillamook
40%
Ventura
40%
Burlingame
20%
Cannon Beach
20%
Depoe Bay
20%
East Palo Alto
20%
Eureka
20%
Florence
20%
Gilroy
20%
Gold Beach
20%
Goleta
20%
Healdsburg
20%
Hoquiam
20%
Ilwaco
20%
Menlo Park
20%
Millbrae
20%
Morgan Hill
20%
Mountain View
20%
Newport
20%
North Bend
20%
Novato
20%
Petaluma
20%
Pismo Beach
20%
Port Orford
20%
Redwood City
20%
Reedsport
20%
Rockaway Beach
20%
San Carlos
20%
San Rafael
20%
Sausalito
20%
Seaside
20%
Tumwater
20%
Ukiah
20%
Agoura Hills
0%
Arcata
0%
Arroyo Grande
0%
Atascadero
0%
Bay City
0%
Belmont
0%
Brookings
0%
Buellton
0%
Calabasas
0%
Camarillo
0%
Carpinteria
0%
Cloverdale
0%
Cosmopolis
0%
Cotati
0%
Crescent City
0%
Dunes City
0%
Fortuna
0%
Garibaldi
0%
Gearhart
0%
Gonzales
0%
Greenfield
0%
King City
0%
Lakeside
0%
Larkspur
0%
Manzanita
0%
Nehalem
0%
Paso Robles
0%
Raymond
0%
Rio Dell
0%
Rohnert Park
0%
Sequim
0%
Shelton
0%
Soledad
0%
South Bend
0%
Thousand Oaks
0%
Trinidad
0%
Waldport
0%
Warrenton
0%
Westlake Village
0%
Wheeler
0%
Willits
0%
Yachats
0%
No matching quizzes found
Score Distribution
Percent of People with Each Score
Percentile by Number Answered
Your Score History
You have not taken this quiz since the last reset